| 000 | 01027nam a22002055i 4500 | ||
|---|---|---|---|
| 001 | 163895 | ||
| 003 | ES-MaACL | ||
| 005 | 20251011165009.0 | ||
| 008 | 020402s1878 sp |||| | spa d | ||
| 040 |
_aCAM _bspa _cCAM |
||
| 100 | 1 |
_aRoman, Luis. _9132021 |
|
| 245 | 1 | 4 |
_aLos duelos con pan son menos _b: juguete lírico en un acto y en verso / _cletra de Luis Roman ; música del maestro Nieto. |
| 260 |
_aMadrid : _b[s.n.], _c1878 ( _fEstablecimiento tipografico de J.C. Conde y compañía) |
||
| 300 |
_a29 p. ; _c20 cm. |
||
| 500 | _aEn port.: Estrenada en el Teatro Eslava la noche del 20 de abril de 1878. | ||
| 596 | _aEn verso de la port. consta: "... galería El teatro, perteneciente á Alonso Gullon ..." | ||
| 700 | 1 |
_aNieto, Manuel, _d1844-1915 _9130485 |
|
| 852 |
_aES-MaACL _jF-8580(5) _z-- Enc. pasta española, falto de la cub. original _z-- Ex-libris ms. de Angel Povedano _z-- Enc. en un vol. facticio, formando parte de la col. facticia: "Teatro español moderno", vol. 33 |
||
| 999 |
_c163895 _d163895 |
||